Highest Numbered Roman Catholic Popes - Statistics

General Stats
  • This quiz has been taken 333 times
    322 since last reset
  • The average score is 11 of 17
Answer Stats
Number PAPAL NAME % Correct
XXIII John
99%
XVI Benedict
92%
VI Paul
89%
XII Pius
84%
XIII Innocent
78%
XIII Leo
77%
XVI Gregory
73%
VIII Urban
73%
XIV Clement
72%
VIII Alexander
58%
V Sixtus
51%
IX Boniface
50%
IX Stephen
47%
V Martin
42%
VI Adrian
39%
V Nicholas
35%
V Celestine
32%
No matching quizzes found
Score Distribution
Percent of People with Each Score
Percentile by Number Answered
Your Score History
You have not taken this quiz since the last reset